| 000 | 00395cam a2200157 4500 | ||
|---|---|---|---|
| 020 | _a0574184651 | ||
| 020 | _a9780574184658 | ||
| 040 | _cDLC | ||
| 082 | _a519 SCI 1973 A023 Or. | ||
| 100 | 1 | _aNewton, Byron L. | |
| 245 | 1 | 0 | _aStatistics for business |
| 260 |
_aChicago, _bScience Research Associates _c[1973] |
||
| 300 |
_aix, 553 p. _billus. _c24 cm. |
||
| 650 | 0 | _aStatistics. | |
| 942 | _cEK | ||
| 999 |
_c16291 _d16291 |
||